Microbiology (Record no. 19653)

MARC details
000 -LEADER
fixed length control field 00513nam a2200217Ia 4500
082 ## - DEWEY DECIMAL CLASSIFICATION NUMBER
Classification number 579
Item number KEL
100 ## - MAIN ENTRY--AUTHOR NAME
Personal name HITE, K Eileen
245 #0 - TITLE STATEMENT
Title Microbiology
260 ## - PUBLICATION, DISTRIBUTION, ETC. (IMPRINT)
Place of publication New York
Name of publisher Appleton Century Crofts
Year of publication 1949
650 ## - SUBJECT ADDED ENTRY--TOPICAL TERM
Topical Term Algae
650 ## - SUBJECT ADDED ENTRY--TOPICAL TERM
Topical Term Bacteria
650 ## - SUBJECT ADDED ENTRY--TOPICAL TERM
Topical Term Bacterial physiology
650 ## - SUBJECT ADDED ENTRY--TOPICAL TERM
Topical Term Epidemiology
650 ## - SUBJECT ADDED ENTRY--TOPICAL TERM
Topical Term Fungi
650 ## - SUBJECT ADDED ENTRY--TOPICAL TERM
Topical Term Microbiology
650 ## - SUBJECT ADDED ENTRY--TOPICAL TERM
Topical Term Protozoa
650 ## - SUBJECT ADDED ENTRY--TOPICAL TERM
Topical Term Virus
700 ## - ADDED ENTRY--PERSONAL NAME
Personal name KELLY, Florine C
942 ## - ADDED ENTRY ELEMENTS (KOHA)
Koha item type Books
Holdings
Withdrawn status Lost status Damaged status Not for loan Home library Current library Date acquired Full call number Accession Number Koha item type
        RRII Library RRII Library 16/12/2021 579 KEL 00386 Books